ՀՀ Գիտությունների ազգային ակադեմիայի հիմնարար գիտական գրադարան  =   Fundamental Scientific Library of NAS RA

Հրանտ : (Record no. 454602)

MARC details
000 -LEADER
fixed length control field 00783nam a22002297a 4500
003 - CONTROL NUMBER IDENTIFIER
control field AM-YEHGA
040 ## - CATALOGING SOURCE
Original cataloging agency AM-YeHGA
090 ## - LOCALLY ASSIGNED LC-TYPE CALL NUMBER (OCLC); LOCAL CALL NUMBER (RLIN)
-- 457596
005 - DATE AND TIME OF LATEST TRANSACTION
control field 20250618075333.0
008 - FIXED-LENGTH DATA ELEMENTS--GENERAL INFORMATION
fixed length control field 181219s2018 ai ||||gr|||||000|0barm||
020 ## - INTERNATIONAL STANDARD BOOK NUMBER
International Standard Book Number 9789939762579
041 0# - LANGUAGE CODE
Language code of text/sound track or separate title arm
100 1# - MAIN ENTRY--PERSONAL NAME
Personal name Տեր-Գաբրիելյան, Գևորգ
245 10 - TITLE STATEMENT
Title Հրանտ :
Remainder of title Հուշապատում-վիպակ /
Statement of responsibility, etc. Գ. Տեր-Գաբրիելյան.
260 ## - PUBLICATION, DISTRIBUTION, ETC.
Place of publication, distribution, etc. Երևան :
Name of publisher, distributor, etc. Անտարես,
Date of publication, distribution, etc. 2018.
300 ## - PHYSICAL DESCRIPTION
Extent 456 էջ :
Other physical details դիմանկ. ;
Dimensions 22 սմ.
600 14 - SUBJECT ADDED ENTRY--PERSONAL NAME
Personal name Մաթևոսյան, Հրանտ Իգնատի,
Dates associated with a name 1935-2002
9 (RLIN) 693
650 14 - SUBJECT ADDED ENTRY--TOPICAL TERM
Topical term or geographic name entry element Հայ գրականություն
General subdivision Վիպակ
650 14 - SUBJECT ADDED ENTRY--TOPICAL TERM
Topical term or geographic name entry element Հայ հուշագրություն
9 (RLIN) 5766
653 #0 - INDEX TERM--UNCONTROLLED
Uncontrolled term Հուշապատում
942 ## - ADDED ENTRY ELEMENTS (KOHA)
Source of classification or shelving scheme
Koha item type Գրքեր / Books
Holdings
Withdrawn status Lost status Source of classification or shelving scheme Damaged status Not for loan Collection Home library Current library Date acquired Total checkouts Full call number Barcode Date last seen Price effective from Koha item type Public note
    Universal Decimal Classification     General Fundamental Scientific Library Fundamental Scientific Library 03/12/2020   AII/106367 FL0635116 03/12/2020 03/12/2020 Գրքեր / Books 30 Days Loan
    Universal Decimal Classification     General Fundamental Scientific Library Fundamental Scientific Library 03/12/2020   AII/106368 FL0635117 03/12/2020 03/12/2020 Գրքեր / Books 30 Days Loan
    Universal Decimal Classification     General Fundamental Scientific Library Fundamental Scientific Library 03/12/2020   AII/106369 FL0635118 03/12/2020 03/12/2020 Գրքեր / Books 30 Days Loan


ՀՀ ԳԱԱ հիմնարար գիտական գրադարան
ՀՀ,Երևան 0019
Մարշալ Բաղրամյան 24/6
հեռախոս:(374-10) 52-47-50
Հետադարձ կապ

All site content, except where otherwise noted, is licensed under a
Creative Commons License